René Masson dans le Trait d'' Union: journal français universel /

সংরক্ষণ করুন:
গ্রন্থ-পঞ্জীর বিবরন
বিন্যাস: অজ্ঞাত
ভাষা:French
প্রকাশিত: México : Universidad Nacional Autónoma de México. Instituto de Investigaciones Bibliográficas, Centro Francés de Estudios Mexicanos y Centroamericanos,
ট্যাগগুলো: ট্যাগ যুক্ত করুন
কোনো ট্যাগ নেই, প্রথমজন হিসাবে ট্যাগ করুন!

MARC

LEADER 00000 a2200000 04500
001 40350
003
008 050620s1998 mx fre d
040
020 |a 968-6029-64-8  
090 |a 0004 M421t  
245 |a René Masson dans le Trait d'' Union:   |b journal français universel /   |c prefacio Thomas Calvo ; selección y prólogo Françoise Dasques  
260 |a México :   |b Universidad Nacional Autónoma de México. Instituto de Investigaciones Bibliográficas,   |b Centro Francés de Estudios Mexicanos y Centroamericanos,  
300 |a 321 páginas  
999 |c 14624  |d 14624